Solid Propellant Chemistry, Combustion and Motor Interior Ballistics / (Record no. 559976)
[ view plain ]
| 000 -LEADER | |
|---|---|
| fixed length control field | 00577nam a2200169Ia 4500 |
| 008 - FIXED-LENGTH DATA ELEMENTS--GENERAL INFORMATION | |
| fixed length control field | 210428s9999 xx 000 0 und d |
| 020 ## - INTERNATIONAL STANDARD BOOK NUMBER | |
| International Standard Book Number | 1-56347-442-5 |
| 082 ## - DEWEY DECIMAL CLASSIFICATION NUMBER | |
| Classification number | 660.04 A498S |
| 100 ## - MAIN ENTRY--PERSONAL NAME | |
| Personal name | Vigor Yang |
| 245 #0 - TITLE STATEMENT | |
| Title | Solid Propellant Chemistry, Combustion and Motor Interior Ballistics / |
| Statement of responsibility, etc. | Vigor Yang |
| 260 ## - PUBLICATION, DISTRIBUTION, ETC. | |
| Name of publisher, distributor, etc. | American Institute of Aeronautics and Astronautics |
| Place of publication, distribution, etc. | Washington, DC |
| Date of publication, distribution, etc. | 2000 |
| 300 ## - PHYSICAL DESCRIPTION | |
| Extent | 990p |
| 440 ## - SERIES STATEMENT/ADDED ENTRY--TITLE | |
| Title | Progress in astronautics and aeronautics V-185 |
| 9 (RLIN) | 127168 |
| 700 ## - ADDED ENTRY--PERSONAL NAME | |
| Personal name | Thomas B. Brill |
| 9 (RLIN) | 127169 |
| 700 ## - ADDED ENTRY--PERSONAL NAME | |
| Personal name | Wu-Zhen Ren |
| 9 (RLIN) | 127170 |
| 942 ## - ADDED ENTRY ELEMENTS (KOHA) | |
| Koha item type | Book |
| Source of classification or shelving scheme | |
| Withdrawn status | Lost status | Damaged status | Not for loan | Permanent Location | Current Location | Date acquired | Total Checkouts | Full call number | Barcode | Date last seen | Price effective from | Koha item type |
|---|---|---|---|---|---|---|---|---|---|---|---|---|
| School of Chemical & Materials Engineering (SCME) | School of Chemical & Materials Engineering (SCME) | 05/11/7 | 660.04 A498S | SCME-126 | 04/28/2021 | 04/28/2021 | Book |
